Joueurs.ses français.es - Tennis de table (ping pong) #2 - Statistiques

Statistiques générales
  • Ce quiz a été pris 106 fois
  • Le résultat moyen est 13 sur 17
Answers on the Grid
Answers color-coded by a green-red scale on the quiz's grid according to % correct below.
Hugo DESCHAMPS
Cédric NUYTINCK
Lilian BARDET
Rémi BETELU
WEN Ruibo
Denis DORCESCU
Tiago Apolonia
Alexia NODIN
Ovidiu IONESCU
Shunsuke TOGAMI
Laura PFEFER
KUAI Man
Audrey ZARIF
NI Xialian
Florian BOURRASSSAUD
Léo DE NODREST
Vitor ISHIY
Flora VAUTIER
Can AKKUZU
Quentin ROBINOT
Esteban DORR
Ying HAN
Alexandre ROBINOT
Stéphanie LOEUILLETE
CHEN Xingtong
Tomislav PUCAR
Bruna TAKAHASHI
Ylane BATIX
Honoka HASHIMOTO
Thomas GUIGNAT
Bernadette SZOCS
Jade HUYNH
 
Statistiques - réponses
Réponse % Correct
Lilian BARDET
93%
Hugo DESCHAMPS
87%
Léo DE NODREST
86%
Quentin ROBINOT
83%
Alexandre ROBINOT
82%
Esteban DORR
82%
Florian BOURRASSSAUD
82%
Alexia NODIN
78%
Audrey ZARIF
78%
Rémi BETELU
76%
Thomas GUIGNAT
74%
Laura PFEFER
72%
Stéphanie LOEUILLETE
72%
Flora VAUTIER
70%
Can AKKUZU
63%
Jade HUYNH
46%
Denis DORCESCU
41%
Aucun quiz correspondant
Distribution des résultats
% des personnes avec chaque résultat
Percentile par nombre de réponses
Votre historique - résultats
Vous n’avez pas pris ce quiz